Statistics for Big City Greens

Click here to take the quiz!

General Stats

  • This quiz has been taken 7 times
  • The average score is 12 of 21

Answer Stats

HintAnswer% Correct
mischievous main charactercricket
100%
main characters older sistertilly
100%
main characters dadbill
83%
sister's best friendandromeda
67%
main characters girlfriendgabriella
67%
coworker of main charactergloria
67%
main characters momnancy
67%
the dogphoenix
67%
main characters best friendremy
67%
his name fits his mouthchip
50%
the catdirtbag
50%
strong old ladygramma
50%
the goat's namemelissa
50%
boss of big coffeemrs. cho
50%
police officerofficer keys
50%
football starrussell
50%
the body guardvasquez
50%
"slap it up, slap it in"wheezie
50%
pop starzillon
50%
guy who works at the animal shelterbrett
33%
imprisoned the main characteramaryllis
17%

Score Distribution

Percentile by Number Answered

Percent of People with Each Score

Your Score History

You have not taken this quiz